| 000 | 00531cab a2200193 4500 | ||
|---|---|---|---|
| 001 | WB3230-26 | ||
| 008 | 090401t1996 xxu||||| |||| 00| 0 eng d | ||
| 035 | _a(Sirsi) u64527 | ||
| 041 | _aeng | ||
| 245 | _aSwimming pools | ||
| 260 | _c1996 | ||
| 350 | _a0 | ||
| 490 |
_aIndependent _vWeekend 27 July 1996, 20(1) |
||
| 520 | _aConsiders how upkeep costs and quality of a swimming pool can add to or detract from the value of a house. | ||
| 650 | _aSWIMMING POOLS | ||
| 690 | _aHOUSING | ||
| 942 | _n0 | ||
| 948 | _c04/03/1997 | ||
| 999 |
_c40195 _d40195 |
||